000 00422ntaaa2200169 4500
003 01
005 20251027201156.0
008 0714s1973 ag 01
040 _aAR-BaBN
_bspa
_cAR-BaBN
_eaacr
_dRIC
082 _a220.12 M279
100 _aManly, Basil
_99561
245 _aThe Bible doctrine of inspiration /
_cBasil Manly
250 _a1 ed.
260 _as.l.,
_cc1888
650 _aBiblia-Inspiración
_9449
942 _cBK
999 _c6014
_d6014